| 000 | 00645nam a22002057a 4500 | ||
|---|---|---|---|
| 999 |
_c190879 _d190879 |
||
| 005 | 20220831110536.0 | ||
| 010 | _aENG-134354 | ||
| 020 |
_a9789393737342 _c1150.00 |
||
| 035 | _aEN-117886 | ||
| 037 | _bDBAD/PUB | ||
| 082 | _a574 | ||
| 100 | _aVijayapriya, M. | ||
| 245 |
_aAn interventions of biogical Scirnces in 21st century/ _cD.S. vijayan [et. al..] |
||
| 260 |
_aTamil Nadu _bShanlax publications _c2022 |
||
| 270 |
_a61, 66 T.P.K. main road, Vasantha nagar, madurai _bTamil nadu _e625003 |
||
| 300 |
_a376p. _c24cm(pbk) |
||
| 700 | _aS. mahalakshmi | ||
| 700 | _aC. Ruth Christiya | ||
| 942 |
_2ddc _cEN _h574 _mVIJ |
||